| 000 | 00377cam a22001217a 4500 | ||
|---|---|---|---|
| 008 | 180718b1999 xxu||||| |||| 00| 0 eng d | ||
| 082 | _aT000x5451 An24/2020 | ||
| 245 |
_aAndhra Pradesh: vision 2020 _cby State Secretariat |
||
| 260 |
_aHyderabad _bThe author _c1999 |
||
| 300 | _a352+p. | ||
| 650 | _aAndhra Pradesh - Economic policy | ||
| 700 | _aAndhra Pradesh. State Secretariat | ||
| 999 |
_c488735 _d488735 |
||